Folia Pharmaceutica Cassoviensia
| Other Authors: | |
|---|---|
| Format: | Journal |
| Language: | Slovak Czech English |
| PhysicalDescription: | zv. 30 cm |
| Published: |
Košice
Univerzita veterinárskeho lekárstva a farmácie v Košiciach
2019-
|
| ISSN: | 2585-9609 |
| Subjects: | |
| Online Access: | http://www.uvlf.sk/univerzitne-casopisy/folia-pharmaceutica-cassoviensia-vytlacky |
MARC
| LEADER | 00000cas a2200000 a 4500 | ||
|---|---|---|---|
| 001 | vtls011839111 | ||
| 005 | 20260413124927.0 | ||
| 008 | 190205c20199999xo qr pe 0 b0slo | ||
| 022 | |a 2585-9609 | ||
| 040 | |a SNK |b slo |c SNK |d SVKPO |e AACR2 | ||
| 041 | 0 | |a slo |a cze |a eng | |
| 044 | |a xo |c SK | ||
| 072 | 7 | |a 636.09 |x Veterinárna medicína |2 konspekt | |
| 072 | 7 | |a 615 |x Farmácia. Farmakológia |2 konspekt | |
| 072 | 7 | |a 57 |x Všeobecná biológia |2 konspekt | |
| 080 | |a 636.09 |2 2011 | ||
| 080 | |a 615.1 |2 2011 | ||
| 080 | |a 57:61 |2 2011 | ||
| 080 | |a 001(051) |2 2011 | ||
| 080 | |a 050 |2 2011 | ||
| 210 | 0 | |a Pharm. Cassoviensia | |
| 222 | 0 | |a Pharmaceutica Cassoviensia | |
| 245 | 0 | 0 | |a Folia Pharmaceutica Cassoviensia |
| 260 | |a Košice |b Univerzita veterinárskeho lekárstva a farmácie v Košiciach |c 2019- | ||
| 300 | |a zv. |c 30 cm | ||
| 310 | |a 4x ročne | ||
| 362 | 0 | |a Roč. 1, č. 1 (2019)- | |
| 500 | |a Evidenčné č.: EV 5741/18 | ||
| 500 | |a Šéfredaktorka: 2019- , Jana Mojžišová | ||
| 500 | |a ISSN 2729-790X On-line | ||
| 546 | |a Text aj v češ., angl. | ||
| 650 | 0 | 7 | |a veterinárna medicína |2 SNKPH |9 1148 |
| 650 | 0 | 7 | |a farmácia |2 SNKPH |9 2467 |
| 650 | 0 | 7 | |a biomedicína |2 SNKPH |9 18817 |
| 650 | 0 | 7 | |a Veterinary medicine |2 SNKPHeng |9 267512 |
| 650 | 0 | 7 | |a Pharmacy |2 SNKPHeng |9 265418 |
| 650 | 0 | 7 | |a Biomedicine |2 SNKPHeng |9 267514 |
| 655 | 7 | |a vedecké časopisy |2 SNKPH |9 70520 | |
| 655 | 7 | |a Scientific journals |2 SNKPHeng |9 265227 | |
| 700 | 1 | |a Mojžišová, Jana, |d 1963- |4 pbd |9 195014 | |
| 710 | 2 | |a Univerzita veterinárskeho lekárstva a farmácie v Košiciach |4 pbl |9 151588 | |
| 856 | 4 | 1 | |u http://www.uvlf.sk/univerzitne-casopisy/folia-pharmaceutica-cassoviensia-vytlacky |
| 916 | |a 2019-2021, 2022-2023 | ||
| 999 | |c 13699 |d 15629 | ||
| 952 | |t č. 1-4 |a SNK |b SNK |y PREZ |7 0 |p 17A1434113 |o snkČSB 7573/2/2020 |i snk2021/5542 |8 0 |f 1 |0 0 |1 0 |4 0 |d 2021-05-24 |l 0 |r 2026-02-21 19:29:48 |w 2026-02-21 | ||
| 952 | |t č. 1-4 |a SNK |b SNK |y PREZ |7 0 |p 17A1522770 |o snkČSB 7573/4/2022 |i snk2024/3833 |8 0 |0 0 |1 0 |4 0 |d 2024-03-06 |l 0 |r 2026-02-21 19:48:38 |w 2026-02-21 | ||
| 952 | |t č. 1-4 |a SNK |b SNK |y PREZ |7 0 |p 17A1522771 |o snkČSB 7573/4/2022 D1 |i snk2024/3834 |8 0 |0 0 |1 0 |4 0 |d 2024-03-06 |l 0 |r 2026-02-21 19:48:38 |w 2026-02-21 | ||
| 952 | |t č. 1-4 |a SNK |b SNK |y PREZ |7 0 |p 17A1522772 |o snkČSB 7573/5/2023 |i snk2024/3835 |8 0 |0 0 |1 0 |4 0 |d 2024-03-06 |l 0 |r 2026-02-21 19:48:38 |w 2026-02-21 | ||
| 952 | |t č. 1-4 |a SNK |b SNK |y PREZ |7 0 |p 17A1522773 |o snkČSB 7573/5/2023 D1 |i snk2024/3836 |8 0 |0 0 |1 0 |4 0 |d 2024-03-06 |l 0 |r 2026-02-21 19:48:38 |w 2026-02-21 | ||
| 952 | |t č. 1-4 |a SNK |b SNK |y PREZ |7 0 |p 17A1463455 |o snkČSB 7573/3/2021 |i snk2022/10341 |8 0 |f 1 |0 0 |1 0 |4 0 |d 2022-06-22 |l 0 |r 2026-02-21 20:02:47 |w 2026-02-21 | ||
| 952 | |t č. 1-4 |a SNK |b SNK |y PREZ |7 0 |p 17A1464301 |o snkČSB 7573/1/2019 D1 |i snk2022/16277 |8 0 |0 0 |1 0 |4 0 |d 2022-10-26 |l 0 |r 2026-02-21 20:09:49 |w 2026-02-21 | ||
| 952 | |t č. 1-4 |a SNK |b SNK |y PREZ |7 0 |p 17A1464302 |o snkČSB 7573/2/2020 D1 |i snk2022/16278 |8 0 |0 0 |1 0 |4 0 |d 2022-10-26 |l 0 |r 2026-02-21 20:09:49 |w 2026-02-21 | ||
| 952 | |t č. 1-4 |a SNK |b SNK |y PREZ |7 0 |p 17A1464303 |o snkČSB 7573/3/2021 D1 |i snk2022/16279 |8 0 |0 0 |1 0 |4 0 |d 2022-10-26 |l 0 |r 2026-02-21 20:09:49 |w 2026-02-21 | ||
| 952 | |t č. 1-4 |a SNK |b SNK |y PREZ |7 0 |p 17A1432404 |o snkČSB 7573/1/2019 |i snk2020/19402 |8 0 |f 1 |0 0 |1 0 |4 0 |d 2020-10-22 |l 0 |r 2026-02-21 22:23:22 |w 2026-02-21 | ||
| 952 | |t 1 |a SNK |b SNK |y PREZ |7 4 |p 17A1560012 |o snkČSB 7573/6/2024 |i snk2026/5209 |h č. 1-4 |8 0 |0 0 |1 0 |2 udc |4 0 |d 2026-04-13 |l 0 |r 2026-04-13 11:57:48 |w 2026-04-13 | ||
| 952 | |t 1 |a SNK |b SNK |y PREZ |7 4 |p 17A1560013 |o snkČSB 7573/6/2024 D1 |i snk2026/5218 |h č. 1-4 |8 0 |0 0 |1 0 |2 udc |4 0 |d 2026-04-13 |l 0 |r 2026-04-13 12:37:39 |w 2026-04-13 | ||
| 952 | |t 1 |a SNK |b SNK |y PREZ |7 4 |p 17A1560014 |o snkČSB 7573/7/2025 |i snk2026/5219 |h č. 1-4 |8 0 |0 0 |1 0 |2 udc |4 0 |d 2026-04-13 |l 0 |r 2026-04-13 12:40:14 |w 2026-04-13 | ||
| 952 | |t 1 |a SNK |b SNK |y PREZ |7 4 |p 17A1560015 |o snkČSB 7573/7/2025 D1 |i snk2026/5221 |h č. 1-4 |8 0 |0 0 |1 0 |2 udc |4 0 |d 2026-04-13 |l 0 |r 2026-04-13 12:42:18 |w 2026-04-13 | ||


